000 01742nam0a22003491 4500
001 rc\3625989
005 20260409070240.0
021 _aRU
_b70-ОЭ-2244/40
021 _aRU
_bРг10989-70
035 _a(NLR Aleph) 007720551
090 _a6946528
_c6946528
100 _a20130115d1970 |||y0rusy50 ca
101 0 _arus
102 _aRU
105 _ay z |||||
200 1 _aМатериал в помощь лектору на тему "Великий подвиг Советского народа"
_fЧит. обл. организация о-ва "Знание". Науч.-метод. совет по пропаганде воен.-патриот. знаний и вопросов гражд. обороны
210 _aЧита
_cБ. и.
_d1970
215 _a21 л.
_d30
225 1 _aК 25-летию победы Советского Союза над фашистской Германией
300 _aПерепеч. с материала Гл. полит. уп. Советской Армии и Воен.-Мор. флота
309 _aОтпеч. множит. аппаратом
532 1 3 _aМатериал в помощь лектору на тему Великий подвиг Советского народа
606 _aВеликая Отечественная война
_z1941 - 1945
_xГодовщины
_3RU\NLR\AUTH\66187542
_91237240
686 1 _aТ3(2)722,021.2
686 1 _aЦ35(2)722,021.2
712 0 1 _aСССР
_bГлавное политическое управление Советской Армии и ВМФ
_3RU\NLR\AUTH\8810020321
_9538640
801 0 _aRU
_bNLR
_gpsbo
801 1 _aRU
_bELAR
_2rusmarc
852 _aNLR
_j69-8/2925
942 _cBOOK
980 _aNB